V očakávaní organizačných zmien nemôžeme poľaviť v plnení úloh

Vodné hospodárstvo na Slovensku v r. 1996. Dotácie zo štátneho rozpočtu. Nedostatok finančných prostriedkov vo vodnom hospodárstve. Požiadavky na investičnú výstavbu pre podniky vodného hospodárstva z prostriedkov štátneho rozpočtu na r.1997.

Gespeichert in:
Bibliographische Detailangaben
1. Verfasser: Tarič, J.
Format: Buchkapitel
Sprache:Slowakisch
Schlagworte:
Tags: Tag hinzufügen
Keine Tags, Fügen Sie das erste Tag hinzu!

MARC

LEADER 00000naa a2200000 4500
001 r026208
005 20230925114348.9
041 0 |a slo 
044 |a SK 
245 1 0 |a V očakávaní organizačných zmien nemôžeme poľaviť v plnení úloh  |c J. Tarič 
520 |a Vodné hospodárstvo na Slovensku v r. 1996. Dotácie zo štátneho rozpočtu. Nedostatok finančných prostriedkov vo vodnom hospodárstve. Požiadavky na investičnú výstavbu pre podniky vodného hospodárstva z prostriedkov štátneho rozpočtu na r.1997. 
610 2 0 |a vodohospodárstvo 
610 2 0 |a Slovensko 
610 2 0 |a 1996 
610 2 0 |a voda 
610 2 0 |a MP SR Bratislava 
610 2 0 |a rozpočet štátny 
610 2 0 |a zákony 
610 2 0 |a novelizácia 
610 2 0 |a zmeny štruktúrne 
610 2 0 |a 1997 
610 2 0 |a výstavba investičná 
100 1 |a Tarič, J.